| 000 | nam a22 7a 4500 | ||
|---|---|---|---|
| 999 |
_c29273 _d29273 |
||
| 008 | 171124b xxu||||| |||| 00| 0 eng d | ||
| 020 | _a9780194799515 | ||
| 050 | _aREF PE 1628 .H67 2015 | ||
| 100 |
_aHornby, A S. _d2015. |
||
| 245 |
_aOxford Advanced Learner's Dictionary of Current English/ _cHorn by A S. |
||
| 250 | _a9th ed. | ||
| 260 |
_aGreat Britain: _bOxford, _c2015. |
||
| 300 |
_aviii,1890p. :ill. _bincludes bibliographical references and index. _c24cm |
||
| 650 | _aEnglish Dictionary. | ||
| 942 |
_2lcc _cREF_BOOK _hREF PE 1628 .H67 2015 |
||